000
00311nam a2200121Ia 4500
008
170224s9999 xx 000 0 und d
245
_a
NewsCAP: Updated terminology for pressure ulcers.
260
_b
American Journal of Nursing
260
_c
2016
300
_a
116:8
500
_a
August
650
_x
Nursing.
999
_c
316896
_d
316896